| 000 | 01126cam a2200265 i 4500 | ||
|---|---|---|---|
| 001 | 23380 | ||
| 003 | BD-RjUL | ||
| 005 | 20211209000925.0 | ||
| 008 | 140310s1956 iluab b 00110 eng d | ||
| 020 | _a0226796043 (v. 1) : | ||
| 020 | _a0226796051 (v. 2) : $4.75 | ||
| 035 | _a(BD-RjUL)23445 | ||
| 040 |
_aNSbSU _cNSbSU _dCtY _dBD-RjUL _beng |
||
| 041 | _aeng | ||
| 082 |
_a911 _bMAN 1956 |
||
| 090 |
_aG56 _b.I58 1955B (LC) |
||
| 111 | 2 |
_aInternational Symposium on Man's Role in Changing the Face of the Earth _d(1955 : _cPrinceton, N.J.) _972014 |
|
| 245 | 1 | 0 |
_aMan's role in changing the face of the earth / _cedited by William L. Thomas, Jr. ; with the collaboration of Carl O. Sauer, Marston Bates and Lewis Mumford. |
| 260 | 0 |
_aChicago : _bPublished for the Wenner-Gren Foundation for Anthropological Research and the National Science Foundation by the University of Chicago Press, _c c1956. |
|
| 300 |
_axxxviii ,1193 p. : _bill., maps ; _c25 cm. |
||
| 490 | 0 |
_aA Phoenix book ; _vP390, P391 |
|
| 650 | 0 |
_aAnthropo-geography _xCongresses. _972005 |
|
| 700 | 1 | 0 |
_aThomas, William Leroy, _d1920- _972006 |
| 942 |
_2ddc _cBK |
||
| 999 |
_c23380 _d23380 |
||